00656nam a2200241Ia 4500008004100000020001800041100001900059245002500078245005700103260001500160260002000175260000900195300001700204300002100221300001100242500002600253650004400279650002300323650001600346650002200362650002200384700000800406160803s9999 xx 000 0 und d a9780439096980 aBagilo, Ben M. aKitten in the cold / cBen M. Baglio ; illustrations by Shelagh McNicholas. aNew York : bScholastic Inc. c1996 a132 pages :  billustrations ;  c20 cm. a"An Apple paperback." aAnimal Ark (Imaginary organization) --  aChristmas stories. aKittens --  xJuvenile fiction. xJuvenile fiction. a590